Многослойная YSZ/YAG люминесцентная керамика, активированная ионами редкоземельных элементов; Двадцать восьмая всероссийская научная конференция студентов-физиков и молодых учёных (ВНКСФ-28); Т. 1
| Parent link: | Двадцать восьмая всероссийская научная конференция студентов-физиков и молодых учёных (ВНКСФ-28): материалы конференции, тезисы докладов, Новосибирск, 1-6 апреля 2024/ Ассоциация студентов-физиков и молодых ученых России.— .— Новосибирск: АСФ России, 2024 Т. 1.— 2024.— С. 254 |
|---|---|
| Autor principal: | |
| Altres autors: | |
| Sumari: | Заглавие с экрана Текстовый файл |
| Idioma: | rus |
| Publicat: |
2024
|
| Matèries: | |
| Accés en línia: | https://www.elibrary.ru/item.asp?id=68016596 |
| Format: | MixedMaterials Electrònic Capítol de llibre |
| KOHA link: | https://koha.lib.tpu.ru/cgi-bin/koha/opac-detail.pl?biblionumber=676991 |
MARC
| LEADER | 00000naa0a2200000 4500 | ||
|---|---|---|---|
| 001 | 676991 | ||
| 005 | 20241127120339.0 | ||
| 090 | |a 676991 | ||
| 100 | |a 20241127d2024 k||y0rusy50 ca | ||
| 101 | 0 | |a rus | |
| 102 | |a RU | ||
| 135 | |a drgn ---uucaa | ||
| 181 | 0 | |a i |b e | |
| 182 | 0 | |a b | |
| 183 | 0 | |a cr |2 RDAcarrier | |
| 200 | 1 | |a Многослойная YSZ/YAG люминесцентная керамика, активированная ионами редкоземельных элементов |f Кокотов Дмитрий Георгиевич, Валиев Дамир Талгатович | |
| 203 | |a Текст |c электронный |b визуальный | ||
| 283 | |a online_resource |2 RDAcarrier | ||
| 300 | |a Заглавие с экрана | ||
| 320 | |a Список публикаций: 2 назв. | ||
| 336 | |a Текстовый файл | ||
| 461 | 1 | |t Двадцать восьмая всероссийская научная конференция студентов-физиков и молодых учёных (ВНКСФ-28) |o материалы конференции, тезисы докладов, Новосибирск, 1-6 апреля 2024 |o в 1 т. |f Ассоциация студентов-физиков и молодых ученых России |c Новосибирск |n АСФ России |d 2024 | |
| 463 | 1 | |t Т. 1 |v С. 254 |d 2024 | |
| 610 | 1 | |a труды учёных ТПУ | |
| 610 | 1 | |a электронный ресурс | |
| 700 | 1 | |a Кокотов |b Д. Г. |g Дмитрий Георгиевич | |
| 701 | 1 | |a Валиев |b Д. Т. |c специалист в области материаловедения |c доцент Томского политехнического университета, кандидат физико-математических наук |f 1987- |g Дамир Талгатович |9 14467 | |
| 801 | 0 | |a RU |b 63413507 |c 20241127 |g RCR | |
| 856 | 4 | |u https://www.elibrary.ru/item.asp?id=68016596 |z https://www.elibrary.ru/item.asp?id=68016596 | |
| 942 | |c CF | ||